| 000 | 00365pab a2200145 454500 | ||
|---|---|---|---|
| 008 | 180718b1985 xxu||||| |||| 00| 0 eng d | ||
| 100 | _aPurushotham, P. | ||
| 245 |
_aRural inudstries _bAn approach for Seventh Plan |
||
| 260 | _c1985 | ||
| 300 | _a412-20,447-52 | ||
| 362 | _aJuly-Aug. | ||
| 650 | _aIndustry, Rural | ||
| 773 | _aKhadi Gramodyog | ||
| 909 | _a10641 | ||
| 999 |
_c10641 _d10641 |
||